000 00668nam a2200289Ia 4500
005 20260324143641.0
008 008 260324s9999 xx 000 0 eng d
020 _a9780203980606
037 _aEBOOK
040 _aCRL
040 _beng
040 _cCRL
041 _2eng
041 _aeng
084 _qCRL
100 _aMark Platts
_91216425
245 0 _aMoral Realities
245 3 _bAn Essay in Philosophical Psychology
260 _bTaylor and Francis
260 _c1991
365 _a
365 _b230
856 _uhttp://www.taylorfrancis.com/books/9780203980606
942 _cEBOOK
999 _c1822056
_d1822056